|
|
|
|
| LEADER |
01235nam a22002777a 4500 |
| 001 |
35930 |
| 003 |
BD-DhAAL |
| 005 |
20250622151039.0 |
| 008 |
211028t2005 bg ||||| |||| 00| 0 ben d |
| 020 |
|
|
|a 9847390761
|
| 040 |
|
|
|a BD-DhAAL
|d BD-DhAAL
|
| 041 |
|
|
|a ben
|
| 082 |
|
|
|2 22
|a 954.9205
|
| 100 |
|
|
|a হাবীব, হারুন.
|9 42296
|
| 245 |
|
|
|a সোনালী ঈগল ও উদ্বাস্তুু সময় /
|c হারুন হাবীব.
|
| 246 |
|
|
|a Sonali eagle o udbastu somai
|
| 260 |
|
|
|a ঢাকা :
|b ম্যাগনাম ওপাস,
|c ২০০৫.
|
| 300 |
|
|
|a ২৯৪ পৃষ্ঠা ;
|c ২১ সে.মি.
|
| 526 |
|
|
|a BIED
|
| 541 |
|
|
|a complimentary copy from BIED
|e 35930
|
| 651 |
|
|
|a Bangladesh
|x History
|y Revolution, 1971.
|9 42297
|
| 651 |
|
|
|a বাংলাদেশ
|x ইতিহাস
|y মুক্তিযুদ্ধ, ১৯৭১.
|9 42298
|
| 852 |
|
|
|a Ayesha Abed Library
|c Bangabandhu Corner
|
| 942 |
|
|
|2 ddc
|c BK
|
| 999 |
|
|
|c 43297
|d 43297
|
| 952 |
|
|
|0 0
|1 0
|2 ddc
|4 0
|6 954_920500000000000_HAB
|7 0
|9 69451
|a BRACUL
|b BRACUL
|c BNC
|d 2021-10-28
|e Complimentary copy from BIED
|l 0
|o 954.9205 HAB
|p 3010035930
|r 2021-10-28
|t 1
|w 2021-10-28
|y BK
|x Transferred from BIED to General Stacks
|